00570nam a2200193Ia 4500003000400000005001700004008004100021020002900062040001700091082002100108100002200129245011300151250001100264260003000275300001700305650001700322700001900339700001800358IIN20250526124433.0231217s9999 xx 000 0 und d cRs.630.00a9788131243923 aIINbEnglish a615.1 bSHA1 aShanbhag, Tara V.1 aPharmacology for NursesbApplicable for Semester III & IV/cTara V. Shanbhag, Sumita Shenoy, and Veena Nayak a2nd ed bElsevieraNew Delhic2016 axiii, 420 p.1 aPharmacology1 ashenoy, Smita 1 aNayak, Veena